The Nawal El Saadawi reader /
| Päätekijä: | |
|---|---|
| Aineistotyyppi: | Kirja |
| Kieli: | English |
| Julkaistu: |
London ; New York :
Zed Books,
c1997.
|
| Aiheet: | |
| Linkit: | Contributor biographical information Publisher description Table of contents |
| Classic Catalogue: | View this record in Classic Catalogue |
| LEADER | 01555nam a2200385 a 4500 | ||
|---|---|---|---|
| 001 | 30970 | ||
| 003 | BD-DhAAL | ||
| 005 | 20211121102431.0 | ||
| 008 | 160321s1997 enk b 001 0 eng | ||
| 999 | |c 36977 |d 36977 | ||
| 010 | |a 97025250 | ||
| 020 | |a 1856495132 (hb) | ||
| 020 | |a 1856495140 (pb) | ||
| 040 | |a DLC |c DLC |d DLC |d BD-DhAAL | ||
| 050 | 0 | 0 | |a HQ1784 |b .S19 1997 |
| 082 | 0 | 0 | |a 305.4209174927 |2 21 |
| 100 | 1 | |a Saadawi, Nawal |9 18681 | |
| 245 | 1 | 4 | |a The Nawal El Saadawi reader / |c Nawal Saadawi |
| 260 | |a London ; |a New York : |b Zed Books, |c c1997. | ||
| 300 | |a viii, 292 p. ; |c 23 cm. | ||
| 504 | |a Includes bibliographical references and index. | ||
| 526 | |a ENH | ||
| 541 | |e 30970 | ||
| 650 | 0 | |a Women |z Arab countries |x Social conditions. |9 18682 | |
| 650 | 0 | |a Women in Islam. |9 18683 | |
| 650 | 0 | |a Women |x Political activity |z Developing countries. |9 18684 | |
| 650 | 0 | |a Women |x Political activity |z Arab countries. |9 18685 | |
| 650 | 0 | |a Women |x Political activity. |9 18686 | |
| 650 | 0 | |a Women |x Social conditions. |9 18687 | |
| 650 | 0 | |a English language. |9 42878 | |
| 856 | 4 | 2 | |3 Contributor biographical information |u http://www.loc.gov/catdir/bios/hol059/97025250.html |
| 856 | 4 | 2 | |3 Publisher description |u http://www.loc.gov/catdir/description/hol055/97025250.html |
| 856 | 4 | 1 | |3 Table of contents |u http://www.loc.gov/catdir/toc/hol052/97025250.html |
| 942 | |2 ddc |c BK | ||
| 952 | |0 0 |1 0 |2 ddc |4 0 |6 305_420917492700000_SAA |7 0 |9 58248 |a BRACUL |b BRACUL |c GEN |d 2016-02-22 |g 2995.00 |l 0 |o 305.4209174927 SAA |p 3010030970 |r 2016-03-02 |t 1 |v 2995.00 |w 2016-02-22 |y BK | ||